Mort subite- Ce personnage est il un marvel - Statistiques

Statistiques générales
  • Ce quiz a été pris 256 fois
    255 depuis la dernière actualisation
  • Le résultat moyen est 13 sur 15
Answers on the Grid
Answers color-coded by a green-red scale on the quiz's grid according to % correct below.
Ron Weasley
Thor
Iron man
Dom torreto
Morbuis
John Connor
Black panter
Roman pearce
Taylor keita
Rubeus hagrid
Anakin Skywalker
Spiderman
Hawkeye
Gimli
Mandalorian
Ant-man
Captain marvel
Hulk
Golum
Miles morales
Brian O'Connor
Jajarbinks
Thanos
Obélix
Captain america
Doctor stange
Sasuke
Vision
Kirua
Sorcière rouge
 
Statistiques - réponses
Réponse % Correct
Iron man
98%
Thor
96%
Spiderman
95%
Black panter
93%
Ant-man
92%
Captain america
91%
Captain marvel
91%
Hulk
91%
Doctor stange
86%
Thanos
86%
Hawkeye
82%
Sorcière rouge
82%
Vision
81%
Miles morales
66%
Morbuis
62%
Aucun quiz correspondant
Distribution des résultats
% des personnes avec chaque résultat
Percentile par nombre de réponses
Votre historique - résultats
Vous n’avez pas pris ce quiz depuis la dernière actualisation